000 00600nam a2200217Ia 4500
005 20250923145317.0
008 008 250917s9999 xx 000 0 eng d
037 _aTextual
040 _aDSWL
_beng
_cDSWL
041 _aeng
_2eng
084 _aYX,ZB, N72
_qDSWL
100 _aHollis, Florence
_9833932
245 0 _aCasework : a psychological therapy
_c by Florence Hollis
250 _a2nd
260 _aNew York
_b Random House
_c1972
300 _axxii,393 p.
365 _aINR
_b9 . 50
925 _g9 . 50
942 _cTEXL
_hYX,ZB, N72
999 _c1449798
_d1449798